Shete ha-sapot; (Record no. 32040)

MARC details
000 -LEADER
fixed length control field 00643cam a22002171 4500
001 - CONTROL NUMBER
control field he 66001932
003 - CONTROL NUMBER IDENTIFIER
control field DLC
005 - DATE AND TIME OF LATEST TRANSACTION
control field 20260227111442.0
008 - FIXED-LENGTH DATA ELEMENTS--GENERAL INFORMATION
fixed length control field 940225s1966 is a 000 0 heb
010 ## - LIBRARY OF CONGRESS CONTROL NUMBER
LC control number he 66001932
025 ## - OVERSEAS ACQUISITION NUMBER
Overseas acquisition number PL480:Is-3411
035 ## - SYSTEM CONTROL NUMBER
System control number (OCoLC)29873260
040 ## - CATALOGING SOURCE
Original cataloging agency DLC
Transcribing agency TxU
Modifying agency DLC
042 ## - AUTHENTICATION CODE
Authentication code premarc
050 00 - LIBRARY OF CONGRESS CALL NUMBER
Classification number PJ5053.B5925
Item number S5
100 2# - MAIN ENTRY--PERSONAL NAME
Personal name Bouskéla-Gutman, Myriam,
Dates associated with a name 1898-
245 10 - TITLE STATEMENT
Title Shete ha-sapot;
Remainder of title sipurim
Statement of responsibility, etc. [me-et] Miryam Boskalah-Gutman. Rishumim: Naḥum Gutman.
260 ## - PUBLICATION, DISTRIBUTION, ETC.
Place of publication, distribution, etc. [Tel-Aviv]
Name of publisher, distributor, etc. Maḥberot la-sifrut
Date of publication, distribution, etc. [1966]
300 ## - PHYSICAL DESCRIPTION
Extent 160 p.
Other physical details illus.
Dimensions 21 cm.
500 ## - GENERAL NOTE
General note Includes unacc. melodies.

No items available.

Powered by Koha